Riconosci il Pokémon - Quiz n°690 - Statistics

Statistiche generali
  • Questo quiz è stato fatto 7 volte
  • Il punteggio medio è 8 su 10
Statistiche sulle risposte
Indizio Riposta % Corretto
Tipo Fuoco / Spettro
100%
Generazione Nona
100%
Altezza 1,6 m
83%
Peso 326,5 kg
83%
Sesso 87.5% ♂, 12.5% ♀
83%
Abilità Aiutofuoco; Imprudenza
83%
Stadio evoluzione Seconda evoluzione
83%
Tasso di cattura 45 (11.9%)
67%
Tasso di allevamento Medio-Lento
67%
Pokémon Skeledirge
67%
Nessun quiz corrispondente trovato
Distribuzione punteggi
Percentuale di utenti per punteggio
Percentile per numero di risposta
I tuoi punteggi nel tempo
Non hai fatto questo quiz